Beyond the region: the rise and fall of economic regionalism in downriver detroit (Record no. 40682)

000 -LEADER
fixed length control field 01270pab a2200169 454500
008 - FIXED-LENGTH DATA ELEMENTS--GENERAL INFORMATION
fixed length control field 180718b1998 xxu||||| |||| 00| 0 eng d
100 ## - MAIN ENTRY--PERSONAL NAME
Personal name Indergaard, Michael
245 ## - TITLE STATEMENT
Title Beyond the region: the rise and fall of economic regionalism in downriver detroit
260 ## - PUBLICATION, DISTRIBUTION, ETC.
Date of publication, distribution, etc. 1998
300 ## - PHYSICAL DESCRIPTION
Extent p.241-62
362 ## - DATES OF PUBLICATION AND/OR SEQUENTIAL DESIGNATION
Dates of publication and/or sequential designation Nov
520 ## - SUMMARY, ETC.
Summary, etc. Does economic restructuring provide opportunities for remaking old industrial centers into regional industrial systems? Such regions possess institutions that allow firms and support organizations to adjust to market shifts. The case of Detroit's Downriver suburbs is used to explore this question in a metropolitan setting. Downriver regionalism supported several market interventions, showing that restructuring can create opportunities for economic regionalism. However, regionalism did not produce industrial adjustment mechanisms and eventually succumbed to interlocal competition for investment. The author concludes that prospects for regional systems are diminished by metropolitan fragmentation and national policies promoting capital mobility as the primary mechanism for economic adjustment. - Reproduced
650 ## - SUBJECT ADDED ENTRY--TOPICAL TERM
Topical term or geographic name entry element Regionalism - United States
650 ## - SUBJECT ADDED ENTRY--TOPICAL TERM
Topical term or geographic name entry element Regionalism
773 ## - HOST ITEM ENTRY
Main entry heading Urban Affairs Review
909 ## -
-- 40682
Holdings
Withdrawn status Lost status Damaged status Not for loan Permanent Location Current Location Date acquired Serial Enumeration / chronology Barcode Date last seen Price effective from Koha item type
        Indian Institute of Public Administration Indian Institute of Public Administration 2018-07-19 Volume no: 34, Issue no: 2 AR41057 2018-07-19 2018-07-19 Articles

Powered by Koha